Aduana y comercio exterior en Chile 1543-1953
Gardado en:
| Autor Principal: | |
|---|---|
| Formato: | Libro |
| Idioma: | Lingua castelá |
| Publicado: |
Santiago
Altazor
1996
|
| Series: | Serie Historia Urbana
|
| Subjects: | |
| Tags: |
Engadir etiqueta
Sen Etiquetas, Sexa o primeiro en etiquetar este rexistro!
|
MARC
| LEADER | 00000nam a2200000 a 4500 | ||
|---|---|---|---|
| 001 | UCT7248 | ||
| 003 | CL-VaPUC | ||
| 008 | 970117e19960000CL |||||||||||||||||spa|d | ||
| 082 | 0 | 4 | |a 983 |b LEM |2 21 |
| 100 | |a Lemus Lemus, Freddy |e author |9 831194 | ||
| 245 | 1 | 0 | |a Aduana y comercio exterior en Chile 1543-1953 |
| 300 | |a 66 p | ||
| 942 | |c BK | ||
| 945 | |d 19970117 00:00:00 |a rbrito | ||
| 260 | |a Santiago |b Altazor |c 1996 | ||
| 650 | 7 | |a COMERCIO INTERNACIONAL |2 CL-VaPUC |9 378168 | |
| 650 | 0 | |a Comercio |9 255341 | |
| 650 | 0 | |a Historia |9 255047 | |
| 650 | 0 | |a Transporte marítimo |9 260127 | |
| 650 | 0 | |a Epoca colonial |9 352022 | |
| 650 | 0 | |a Aduanas |9 255492 | |
| 650 | 7 | |a SIGLOS 16-20 |2 CL-VaPUC |9 371478 | |
| 651 | 7 | |a CHILE |2 CL-VaPUC |9 378169 | |
| 583 | |a last modification |c 19970117 00:00:00 |k Rodrigo Vera | ||
| 490 | 0 | |a Serie Historia Urbana | |
| 999 | |c 255902 |d 255900 | ||
| 952 | |0 0 |1 0 |4 0 |6 983_000000000000000_LEM_1996 |7 0 |8 A |9 278373 |a BIBHIS |b BIBHIS |d 2019-11-19 |i 3282643 |o 983 LEM 1996 |p 3282643 |r 2025-01-20 |w 2019-11-19 |y BK |k HIS | ||
| 952 | |0 0 |1 0 |4 0 |6 983_000000000000000_LEM_1996 |7 0 |8 A |9 278374 |a BIBHIS |b BIBHIS |d 2019-11-19 |i 3632229 |o 983 LEM 1996 |p 3632229 |r 2025-01-20 |w 2019-11-19 |y BK |k HIS | ||
| 952 | |0 0 |1 0 |4 0 |6 983_000000000000000_LEM_1996 |7 0 |8 P |9 278375 |a BIBDER |b BIBDER |d 2019-11-19 |i 3935051 |o 983 LEM 1996 |p 3935051 |r 2023-01-25 |w 2019-11-19 |y BK |k DER | ||